01945 a2200205 45000010006000000050017000060080041000230030015000640400040000790800033001192450044001522500011001962640032002073000019002395051321002580410008015791000021015877000022016088560109016302601020260407155542.0260407a1996 arg spa dAR-UNSa-BCEJYS aAR-UNSa-BCEJYSbspacAR-UNSa-BCEJYS a330.101.542xMicroeconomía10aMicreconomíapteoría y aplicaciones a4a. ed 1aBuenos Aires :bTesisc1996 a637 p.c23 cm. aParte I : Introducción : 1. La naturaleza de la micreconomía - 2. Demanda y oferta - Parte II : El comportamiento del consumidor y la demanda del mercado : 3. Los gastos y preferencias del consumidor - 4. EL Comportamiento del consumidor y la demanda individual - 5. Demanda de mercado - Parte III : La empresa : su tecnología y sus costos : 6. La empresa y su tecnología - 7. Las combinaciones óptimas de los insumos y las funciones de costo - Parte IV: Estructura de mercado, precio y producción : 8. Precio y producción bajo competencia perfecta - 9. Precio y producto bajo monopolio puro - 10. Precio y producto bajo competencia monopolística - 11. Precio y producto bajo oligopolio - Parte V : Mercado de insumo : 12. Precio y empleo de insumos bajo competencia perfecta - 13. Precio y empleo de los insumos bajo competencia imperfecta - Parte VI : Equilibrio general, economía del bienestar y economía política : 14. Análisis del equilibrio general y de la asigación de los recursos - 15. Economía del Bienestar - 16. Bienes públicos, exterioridades y el rol del gobierno - Parte VII : Elecciones intertemporales y decisiones que extrañan riesgo : 17. Las elecciones intertemporales y el cambio teconológico - 18. La toma de decisiones y las elecciones que involucran riesgo.  aspa1 aMansfield, Edwin1 aEscude, Guillermo41uhttps://biblioeco.unsa.edu.ar/pmb/images/libros/Micro Economia-l70073.jpgyImagen de portadaqimage/jpeg